| 000 | 00590nam a2200193Ia 4500 | ||
|---|---|---|---|
| 001 | 57506 | ||
| 008 | 140507s9999 xx 000 0 und d | ||
| 020 | _a9780321822031 | ||
| 040 | _cPK-LaUMT | ||
| 082 |
_a 005.0683 _bMAN-M |
||
| 100 | _aMantle, Mickey W. | ||
| 245 |
_aManaging the unmanageable _brules, tools, and insights for managing software people and teams _cMantle, Mickey W.<>Lichty, Ron |
||
| 260 |
_aUpper Saddle River,USA: _bAddison Wesley, _c2013 |
||
| 300 | _a422 p. | ||
| 546 | _aEN | ||
| 650 | _aComputer programmers-Supervision | ||
| 700 | _aLichty, Ron | ||
| 942 | _cBK | ||
| 999 |
_c54791 _d54791 |
||